00330pab a2200121 454500008004000000100002200040245007600062260000900138300001100147362001000158650001800168773002200186180718b1985 xxu||||| |||| 00| 0 eng d aMcBridge, Stephen aCorporation, public Policy and the labour movementbA comparative study c1985 a439-56 aSept. aPublic Policy aPolitical Studies